Cạm bẫy thời gian : Mấy lời khuyên dành cho các thủ trưởng lúc nào cũng bận rộn /
محفوظ في:
| التنسيق: | Sách giấy |
|---|---|
| اللغة: | Vietnamese |
| منشور في: |
TP.HCM :
TP.HCM ,
1995
|
| الوسوم: |
إضافة وسم
لا توجد وسوم, كن أول من يضع وسما على هذه التسجيلة!
|
| Thư viện lưu trữ: | Thư viện Trường Đại học Đà Lạt |
|---|
| LEADER | 00627nam a2200241 4500 | ||
|---|---|---|---|
| 001 | DLU020012029 | ||
| 005 | ##5/22/2000 | ||
| 020 | # | # | |a 978- |
| 041 | # | # | |a vie |
| 082 | # | # | |a 658 |b MA-A |
| 090 | # | # | |a 658 |b MA-A |
| 245 | # | # | |a Cạm bẫy thời gian : |b Mấy lời khuyên dành cho các thủ trưởng lúc nào cũng bận rộn / |c Lê Minh Đức, Mackenzie Alec |
| 260 | # | # | |a TP.HCM : |b TP.HCM , |c 1995 |
| 300 | # | # | |a 274 tr.; |c 19 cm. |
| 992 | # | # | |a 18500 |
| 994 | # | # | |a DLU |
| 900 | # | # | |a False |
| 911 | # | # | |a Administrator |
| 925 | # | # | |a G |
| 926 | # | # | |a A |
| 927 | # | # | |a SH |
| 980 | # | # | |a Thư viện Trường Đại học Đà Lạt |